Ten years on: unlocking the charter's full potential

Guardat en:
Dades bibliogràfiques
Autor corporatiu: European Union Agency for Fundamental Rights (FRA)
Format: Llibre
Idioma:anglès
Publicat: Lussemburgo European Union Agency for Fundamental Rights (FRA) 2020
Etiquetes: Afegir etiqueta
Sense etiquetes, Sigues el primer a etiquetar aquest registre!

MARC

LEADER 00000nam a2200000 4500
005 20241023163922.0
008 241023b |||||||| |||| 00| 0 eng d
020 |a 9789294749451 
040 |c GP 
110 |a European Union Agency for Fundamental Rights (FRA) 
245 |a Ten years on: unlocking the charter's full potential 
260 |a Lussemburgo  |b European Union Agency for Fundamental Rights (FRA)  |c 2020 
942 |2 ddc  |c BK  |n 0 
952 |0 0  |1 0  |2 ddc  |4 0  |6 323_000000000000000_FUN  |7 1  |9 2150  |a RM  |b RM  |d 2024-10-23  |l 0  |o 323 FUN  |p 801  |r 2024-10-23 16:39:37  |w 2024-10-23  |y BK 
999 |c 1890  |d 1890